The household dimensions of the family in india : (Record no. 124735)

MARC details
000 -LEADER
fixed length control field 00761nam a22002297a 4500
005 - DATE AND TIME OF LATEST TRANSACTION
control field 20170124105943.0
010 ## - LIBRARY OF CONGRESS CONTROL NUMBER
LC control number 916929
020 ## - INTERNATIONAL STANDARD BOOK NUMBER
Terms of availability 00.00
035 ## - SYSTEM CONTROL NUMBER
System control number 916929
037 ## - SOURCE OF ACQUISITION
Source of stock number/acquisition Cen Lib/Ret
040 ## - CATALOGING SOURCE
Original cataloging agency DPL
Language of cataloging EN
082 ## - DEWEY DECIMAL CLASSIFICATION NUMBER
Classification number 309.1543
Item number SHA
100 ## - MAIN ENTRY--PERSONAL NAME
Personal name Shah, A.M.
9 (RLIN) 11779
245 ## - TITLE STATEMENT
Title The household dimensions of the family in india :
Statement of responsibility, etc by A.M. Shah
Remainder of title a field study in a Gujarat village and a review of other studies /
260 ## - PUBLICATION, DISTRIBUTION, ETC. (IMPRINT)
Place of publication, distribution, etc New Delhi
Name of publisher, distributor, etc Oriental Longman
Date of publication, distribution, etc 1973
270 ## - ADDRESS
City New Delhi
Address 3/5, asaf ali road
Postal code 110001
300 ## - PHYSICAL DESCRIPTION
Extent xix, 281p.
Dimensions 20cm(Hb)
500 ## - GENERAL NOTE
General note Includes appendix, glossary and index
650 ## - SUBJECT ADDED ENTRY--TOPICAL TERM
Topical term or geographic name as entry element Household
Geographic subdivision India
9 (RLIN) 11780
650 ## - SUBJECT ADDED ENTRY--TOPICAL TERM
Topical term or geographic name as entry element Development cycle
9 (RLIN) 11781
942 ## - ADDED ENTRY ELEMENTS (KOHA)
Source of classification or shelving scheme Dewey Decimal Classification
Koha item type English Books
Classification part 309.1543
Call number suffix SHA
Holdings
Withdrawn status Lost status Damaged status Not for loan Home library Current library Date acquired Source of acquisition Cost, normal purchase price Total Checkouts Full call number Barcode Date last seen Copy number Cost, replacement price Price effective from Koha item type Public note
Written off       Central Library Central Library 18/06/2015 Cen Lib/Ret 0.00   309.1543 SHA 916929 18/06/2015 1 0.00 18/06/2015 English Books Written off on approval by DLB (By Circulation); dtd 15-06-2023

© Delhi Public Library
Hit Counter
free hit counter